Catalog

Record Details

Catalog Search



Vlastní životopis  Cover Image Book Book

Vlastní životopis / Jan Amos Komenský ; Přeložil: Josef Hendrich

Komenský, Jan A. (Author). Hendrich, Josef (Added Author).

Record details

  • Physical Description: 126 s.
  • Publisher: Praha Ústřední nakladatelství a knihkupectví učitelstva československého /198-?/

Available copies

  • 2 of 2 copies available at Common Catalog SPOK.

Holds

  • 0 current holds with 2 total copies.
Show All Copies
Location Call Number / Copy Notes Barcode Shelving Location Status Due Date
ETS Library 284.3 424470002447 Volný výběr Available -
ETS Library 284.3 424470010101 Volný výběr Available -

LDR 00751nam a2 00241
00138938
003CZ-PrJAB
00520040305000000.0
008030506s1800 xr e |||| |cze
009cz
035 . ‡a(CONS)9831
035 . ‡aKPS3961
041 . ‡acze
08214. ‡a284.3
100 . ‡71879 ‡aKomenský, Jan A.
245 . ‡aVlastní životopis / ‡cJan Amos Komenský ; Přeložil: Josef Hendrich
260 . ‡aPraha ‡bÚstřední nakladatelství a knihkupectví učitelstva československého ‡c/198-?/
300 . ‡a126 s.
653 . ‡aVlastní životopis
700 . ‡73033 ‡aHendrich, Josef
8524 . ‡bETS ‡bETS ‡cVolný výběr ‡j284.3 ‡gA ‡p424470010101
8524 . ‡bETS ‡bETS ‡cVolný výběr ‡j284.3 ‡gA ‡p424470002447
910 . ‡aABG450
999 . ‡a9831 ‡bAUTOGEN ‡c9831 ‡tbiblio
905 . ‡uadmin
901 . ‡a38938 ‡b ‡c38938 ‡tbiblio ‡sets

Additional Resources